[Event "European Blitz 2015"]
[Site "Minsk BLR"]
[Date "2015.12.18"]
[Round "18.33"]
[White "Makovskis, Georgijs"]
[Black "Pogosian, Manvel"]
[Result "1/2-1/2"]
[WhiteElo "2236"]
[BlackElo "2382"]
[WhiteFideId "11601132"]
[BlackFideId "13503936"]
[EventDate "2015.12.18"]
[EventType "swiss (blitz)"]

1. e4 c6 2. d4 d5 3. exd5 cxd5 4. Nf3 Nc6 5. Bd3 Bg4 6. c3 Qc7 7. O-O e6 8. Be3
Bd6 9. h3 Bh5 10. Nbd2 Nge7 11. Re1 Bg6 12. Nf1 Bxd3 13. Qxd3 a6 14. Rac1 b5 15.
Bg5 O-O 16. Bxe7 Qxe7 17. Ne3 Qf6 18. Ng4 Qg6 19. Qd2 Rae8 20. Nge5 Nxe5 21.
Nxe5 Bxe5 22. Rxe5 f6 23. Re3 Qf7 24. Rce1 Re7 25. f4 Rfe8 26. Qe2 Kf8 27. a4
Kg8 28. axb5 axb5 29. Qxb5 Rb7 30. Qxd5 Rxb2 31. Rxe6 Rf8 32. Rd6 Rc2 33. Qxf7+
Kxf7 34. Rd7+ Kg6 35. Re3 Kf5 36. Rxg7 Kxf4 37. Rf3+ Ke4 38. Rxh7 Rg8 39. Re7+
Kd5 40. Rf2 Rxc3 41. Rf7 Rxh3 42. R7xf6 Kxd4 43. Rf8 Rhg3 44. Rxg8 Rxg8 45. Re2
Kd3 46. Re7 Rg6 47. Kf2 Kd4 48. Kf3 Rf6+ 49. Kg4 Rg6+ 50. Kh3 Rh6+ 51. Kg3 Rg6+
52. Kf3 Rf6+ 53. Ke2 Rg6 54. Kf2 Rf6+ 55. Kg1 Rg6 56. Re8 Kd5 57. Re3 Kd4 58.
Re8 Kd5 59. Kf2 Rf6+ 60. Kg1 Rg6 61. Re1 Kd4 62. Re2 Kd3 63. Re8 Kd4 64. Re1 Kd3
65. Re5 Kd4 66. Re8 Kd3 1/2-1/2

[Event "European Blitz 2015"]
[Site "Minsk BLR"]
[Date "2015.12.18"]
[Round "18.34"]
[White "Kalinin, Michail Borisovich"]
[Black "Konenkin, Dmitry"]
[Result "1-0"]
[BlackTitle "FM"]
[WhiteElo "2380"]
[BlackElo "2243"]
[WhiteFideId "4144104"]
[BlackFideId "4185781"]
[EventDate "2015.12.18"]
[EventType "swiss (blitz)"]

1. d4 d6 2. Nf3 Nd7 3. b3 e5 4. e3 e4 5. Nfd2 f5 6. c4 Ngf6 7. Nc3 Be7 8. b4 O-O
9. a4 c5 10. bxc5 dxc5 11. d5 Ne5 12. Bb2 Bd6 13. h3 a6 14. Be2 Qe8 15. g3 Bd7
16. a5 g5 17. Qc2 Qg6 18. Na4 Rae8 19. Ba3 Bxa4 20. Qxa4 Nd3+ 21. Bxd3 exd3 22.
Bb2 f4 23. gxf4 Bxf4 24. O-O-O Be5 25. Bxe5 Rxe5 26. Qb3 Ne4 27. f4 Nxd2 28.
Rxd2 Rxe3 29. fxg5 Qe4 30. Rhd1 Qf4 31. h4 Re4 32. Kb1 Rxc4 33. Qxd3 Rb4+ 34.
Rb2 Rxb2+ 35. Kxb2 Qb4+ 36. Kc1 Rf2 37. Rd2 Rf4 38. d6 Rd4 39. d7 Rxd3 40. Rxd3
Qf4+ 41. Kc2 Qc4+ 42. Kd2 Qf4+ 43. Kd1 Qf1+ 44. Kc2 Qe2+ 45. Kc3 Qe5+ 46. Kc4
Qe4+ 47. Kc3 Qb4+ 48. Kc2 Qc4+ 49. Kd2 Qf4+ 50. Kc2 Qc4+ 51. Kd2 Qf4+ 1-0

[Event "European Blitz 2015"]
[Site "Minsk BLR"]
[Date "2015.12.18"]
[Round "18.36"]
[White "Smirin, Ilia"]
[Black "Pustovoitova, Daria"]
[Result "0-1"]
[WhiteTitle "GM"]
[BlackTitle "FM"]
[WhiteElo "2658"]
[BlackElo "2356"]
[WhiteFideId "2801990"]
[BlackFideId "4182146"]
[EventDate "2015.12.18"]
[EventType "swiss (blitz)"]

1. e4 c6 2. d4 d5 3. e5 Bf5 4. Nf3 e6 5. Be2 c5 6. Be3 Qb6 7. Nc3 Nc6 8. O-O
Qxb2 9. Nb5 c4 10. Nc7+ Kd7 11. Nxa8 Bxc2 12. Qe1 Bb4 13. Bd2 Nge7 14. Bxb4 Qxb4
15. Qc1 Bf5 16. Qg5 Bg6 17. h4 h6 18. Qf4 Rxa8 19. g4 Rf8 20. h5 Be4 21. Rfc1
Qb2 22. Qe3 Bxf3 23. Bxf3 Qxd4 24. Qa3 Nxe5 25. Rab1 Rb8 26. Rd1 Qf4 27. Bg2
Qxg4 28. Qxa7 N7c6 29. Rxb7+ Rxb7 30. Qxb7+ Kd6 31. Rb1 Nf3+ 32. Kf1 Nd2+ 33.
Kg1 Nxb1 34. Qxb1 c3 35. Qb3 Qb4 36. Qc2 Qb2 0-1

[Event "European Blitz 2015"]
[Site "Minsk BLR"]
[Date "2015.12.18"]
[Round "18.37"]
[White "Huzman, Alexander"]
[Black "Lanin, Alexsej"]
[Result "1/2-1/2"]
[WhiteTitle "GM"]
[BlackTitle "IM"]
[WhiteElo "2581"]
[BlackElo "2394"]
[WhiteFideId "2803828"]
[BlackFideId "4154959"]
[EventDate "2015.12.18"]
[EventType "swiss (blitz)"]

1. Nf3 Nf6 2. c4 e6 3. g3 d5 4. Bg2 Nbd7 5. b3 Be7 6. Bb2 O-O 7. O-O c6 8. d3 a6
9. Nbd2 b5 10. e4 Bb7 11. e5 Ne8 12. cxd5 cxd5 13. h4 h6 14. a3 Rc8 15. Re1 Nc7
16. Nd4 Nc5 17. N2f3 Na8 18. Bc1 Re8 19. Bf4 Bf8 20. g4 g6 21. Qd2 Kh7 22. Kh2
Bg7 23. Kg3 Rh8 24. Rac1 Nb6 25. b4 Nca4 26. Nb3 Qe7 27. Nfd4 Rxc1 28. Rxc1 Rc8
29. Na5 Rxc1 30. Qxc1 g5 31. hxg5 hxg5 32. Bxg5 Bxe5+ 33. f4 Qxg5 34. Qh1+ Kg8
35. Ne2 Nc3 36. Kf3 Qf6 37. Nxb7 Nxe2 38. Kxe2 Bxf4 39. Nc5 Qe5+ 40. Kd1 Qb2 41.
Qe1 Qxa3 42. Ke2 Na4 43. Kf3 Bd6 44. Qe3 Nxc5 45. Qg5+ Kh7 46. Qh5+ Kg7 47. Qg5+
Kh7 1/2-1/2

[Event "European Blitz 2015"]
[Site "Minsk BLR"]
[Date "2015.12.18"]
[Round "18.38"]
[White "Zubritskiy, Artyom"]
[Black "Fomin, Taras"]
[Result "0-1"]
[WhiteTitle "FM"]
[WhiteElo "2422"]
[BlackElo "2312"]
[WhiteFideId "4181247"]
[BlackFideId "4120604"]
[EventDate "2015.12.18"]
[EventType "swiss (blitz)"]

1. d4 d5 2. c4 dxc4 3. e3 c5 4. Bxc4 cxd4 5. Nf3 Nf6 6. O-O e6 7. exd4 Be7 8.
Nc3 O-O 9. Qe2 Nc6 10. Rd1 Nb4 11. Ne5 a6 12. Bb3 Bd7 13. Bg5 Be8 14. Rac1 Rc8
15. Qf3 Rc7 16. a3 Nbd5 17. Bxd5 Nxd5 18. Nxd5 exd5 19. Rxc7 Qxc7 20. Rc1 Qd8
21. Bxe7 Qxe7 22. Qxd5 Bb5 23. Qf3 Rd8 24. Qe3 f6 25. Nf3 Qd7 26. Rd1 Bc6 27.
Ne1 Re8 28. Qc3 Qd5 29. f3 Re2 30. Kf1 Bb5 31. Nd3 Re8 32. Kf2 Qd6 33. g3 Qd5
34. Qc5 Qb3 35. Rd2 Bxd3 36. d5 Bb5 37. d6 Qe6 38. Qb6 Qe1+ 0-1

[Event "European Blitz 2015"]
[Site "Minsk BLR"]
[Date "2015.12.18"]
[Round "18.39"]
[White "Milov, Vadim"]
[Black "Kocheev, Aleksandr"]
[Result "1-0"]
[WhiteTitle "GM"]
[WhiteElo "2615"]
[BlackElo "2355"]
[WhiteFideId "1304364"]
[BlackFideId "13507842"]
[EventDate "2015.12.18"]
[EventType "swiss (blitz)"]

1. d4 d5 2. c4 dxc4 3. e3 e5 4. Bxc4 exd4 5. Nf3 Bb4+ 6. Kf1 Nc6 7. exd4 Be7 8.
Qb3 Nxd4 9. Nxd4 Qxd4 10. Bxf7+ Kf8 11. Be3 Qd6 12. Nc3 Qd3+ 13. Kg1 Nf6 14. Rd1
Qf5 15. Bc4 c6 16. h4 Qh5 17. Be2 Qf7 18. Qc2 Be6 19. h5 Nd5 20. Nxd5 Bxd5 21.
Rh3 Bf6 22. b3 a6 23. Bc4 Rd8 24. h6 g6 25. Rf3 Ke7 26. Re1 Kd7 27. Bxd5 1-0

[Event "European Blitz 2015"]
[Site "Minsk BLR"]
[Date "2015.12.18"]
[Round "18.40"]
[White "Malakhov, Igor"]
[Black "Razin, Vadim"]
[Result "1-0"]
[WhiteTitle "IM"]
[WhiteElo "2451"]
[BlackElo "2345"]
[WhiteFideId "4183088"]
[BlackFideId "14119463"]
[EventDate "2015.12.18"]
[EventType "swiss (blitz)"]

1. e4 e6 2. d4 d5 3. Nc3 Nf6 4. Bg5 dxe4 5. Nxe4 Be7 6. Bxf6 gxf6 7. Nf3 a6 8.
Qd2 b5 9. Qh6 Bb7 10. Qg7 Rf8 11. Bd3 f5 12. Neg5 Bf6 13. Qh6 Bxf3 14. Nxh7 Be7
15. gxf3 Rg8 16. O-O-O Qd5 17. Rhg1 Rxg1 18. Rxg1 Qxa2 19. Rg8+ Kd7 20. c3 b4
21. c4 b3 22. Nf8+ Kc6 23. Nxe6 Kb7 24. Nc5+ Bxc5 25. dxc5 Qa1+ 26. Bb1 Qa5 27.
Qe3 Nc6 28. Rxa8 Kxa8 29. Bxf5 Nb4 30. Bb1 Qa1 31. Qxb3 Qa5 32. Qe3 Nc6 33. Be4
Qa1+ 34. Kc2 Qa4+ 35. Qb3 1-0

[Event "European Blitz 2015"]
[Site "Minsk BLR"]
[Date "2015.12.18"]
[Round "18.41"]
[White "Potapov, Pavel"]
[Black "Vovk, Orest"]
[Result "1/2-1/2"]
[WhiteTitle "IM"]
[WhiteElo "2476"]
[BlackElo "2279"]
[WhiteFideId "4169786"]
[BlackFideId "14113490"]
[EventDate "2015.12.18"]
[EventType "swiss (blitz)"]

1. e4 Nc6 2. Nf3 f5 3. exf5 d5 4. Bb5 Bxf5 5. d4 Qd6 6. Ne5 Nf6 7. Nc3 Nd7 8.
Bf4 Ndxe5 9. Bxe5 Qg6 10. O-O e6 11. Bxc7 Be7 12. Qe2 a6 13. Bxc6+ bxc6 14. Rac1
O-O 15. Be5 Bb4 16. Nd1 Be7 17. Ne3 c5 18. Rfe1 cxd4 19. Bxd4 Be4 20. Qg4 Bg5
21. f3 Bxe3+ 22. Bxe3 Qxg4 23. fxg4 Rfc8 24. c3 a5 25. Bd4 a4 26. Re2 Rab8 27.
Be5 Rb7 28. h3 Rc6 29. Rd1 Rcb6 30. c4 Rc6 31. cxd5 exd5 32. a3 Rc4 33. Bc3 h6
34. Kf2 Rf7+ 35. Ke3 Re7 36. Kf2 Rf7+ 37. Kg3 Kh7 38. Rf2 Rxf2 39. Kxf2 Kg6 40.
Rd2 Kf7 41. Ke3 g6 42. Rf2+ Ke7 43. Bb4+ Ke6 44. Bc3 Rc7 45. g3 Rf7 46. Rf4 g5
47. Rxf7 Kxf7 48. h4 Kg6 49. Be5 Bc2 50. Kd4 Bb3 1/2-1/2

[Event "European Blitz 2015"]
[Site "Minsk BLR"]
[Date "2015.12.18"]
[Round "18.42"]
[White "Bulanov, Dmitri"]
[Black "Johannessen, Leif Erlend"]
[Result "1/2-1/2"]
[WhiteTitle "FM"]
[BlackTitle "GM"]
[WhiteElo "2369"]
[BlackElo "2487"]
[WhiteFideId "13506382"]
[BlackFideId "1501674"]
[EventDate "2015.12.18"]
[EventType "swiss (blitz)"]

1. f4 d5 2. Nf3 g6 3. g3 Bg7 4. Bg2 Nf6 5. O-O O-O 6. d3 c5 7. Nc3 d4 8. Ne4
Nxe4 9. dxe4 Nc6 10. a3 Qb6 11. h3 Rd8 12. g4 c4 13. Kh1 Bd7 14. f5 Be8 15. Qe1
Ne5 16. Nxe5 Bxe5 17. Qh4 Qd6 18. g5 d3 19. exd3 cxd3 20. cxd3 Qxd3 21. Bf4 Bxf4
22. Rxf4 Rac8 23. f6 exf6 24. gxf6 Qd6 25. e5 Qf8 26. Raf1 Bd7 27. Bxb7 Bc6+ 28.
Bxc6 Rxc6 29. Rd4 Rc2 30. Rfd1 Rdc8 31. Qe4 Qe8 32. Qxc2 Rxc2 33. Rd8 Kf8 34.
Rxe8+ Kxe8 35. Rd6 Rxb2 36. Ra6 Rb5 37. e6 fxe6 38. Rxe6+ Kf7 39. Ra6 Rb2 40.
Rxa7+ Kxf6 41. Rxh7 Kg5 42. Rc7 Rb3 43. Kg2 Rxa3 44. Rc5+ 1/2-1/2

[Event "European Blitz 2015"]
[Site "Minsk BLR"]
[Date "2015.12.18"]
[Round "18.43"]
[White "Shkapenko, Pavel"]
[Black "Rozhko, Dmitry"]
[Result "1-0"]
[WhiteTitle "IM"]
[BlackTitle "FM"]
[WhiteElo "2407"]
[BlackElo "2313"]
[WhiteFideId "4151933"]
[BlackFideId "4150430"]
[EventDate "2015.12.18"]
[EventType "swiss (blitz)"]

1. e4 e6 2. d4 d5 3. exd5 exd5 4. Nf3 Bd6 5. c4 c6 6. Nc3 Ne7 7. Bd3 dxc4 8.
Bxc4 O-O 9. O-O Bg4 10. h3 Bh5 11. g4 Bg6 12. Ne5 Nd7 13. f4 Bxe5 14. dxe5 Nb6
15. Bb3 Bd3 16. Rf2 Bc4 17. Rd2 Bxb3 18. Rxd8 Bxd1 19. Rxd1 Rfd8 20. Be3 Ned5
21. Bxb6 Nxb6 22. Kf2 Kf8 23. Kf3 Ke7 24. Ne4 f6 25. exf6+ gxf6 26. Nc5 Rab8 27.
Re1+ Kf7 28. Rad1 Nd5 29. Ne6 Rd6 30. f5 Re8 31. h4 Re7 32. g5 b6 33. h5 fxg5
34. Nxg5+ Ke8 35. Rxe7+ Kxe7 36. Ne4 Rh6 37. Kg4 Nf6+ 38. Nxf6 Rxf6 39. Re1+ Kf7
40. Rd1 Ke7 41. Kf4 c5 42. Ke5 h6 43. Rg1 Rc6 44. Rg7+ Kf8 45. f6 c4 46. Rxa7 b5
47. Rb7 Rc5+ 48. Ke6 Rc6+ 49. Kf5 Rc5+ 50. Kg6 Ke8 51. f7+ Kf8 52. Rb8+ 1-0

[Event "European Blitz 2015"]
[Site "Minsk BLR"]
[Date "2015.12.18"]
[Round "18.44"]
[White "Gorodetzky, David"]
[Black "Tukhaev, Adam"]
[Result "1/2-1/2"]
[WhiteTitle "FM"]
[BlackTitle "GM"]
[WhiteElo "2342"]
[BlackElo "2564"]
[WhiteFideId "2813416"]
[BlackFideId "14109476"]
[EventDate "2015.12.18"]
[EventType "swiss (blitz)"]

1. e4 Nf6 2. e5 Nd5 3. d4 d6 4. Nf3 g6 5. Bc4 Nb6 6. Bb3 Bg7 7. Ng5 e6 8. f4 O-O
9. Be3 dxe5 10. fxe5 c5 11. c3 cxd4 12. cxd4 Nc6 13. O-O Na5 14. Nc3 Nbc4 15.
Bxc4 Nxc4 16. Qe2 Nxe3 17. Qxe3 f6 18. exf6 Rxf6 19. Rxf6 Qxf6 20. Nf3 Bd7 21.
Rf1 Rf8 22. h3 Bc6 23. Ne2 Bd5 24. Rf2 Qd8 25. b3 Qa5 26. Nf4 Qb6 27. Ne5 Qc7
28. h4 Rf5 29. Nfd3 b6 30. Rxf5 exf5 31. Nf4 Be4 32. Nfd3 Qc2 33. h5 gxh5 34.
Qg3 Qd1+ 35. Kh2 h4 36. Qe3 h5 37. Qg5 Bxd3 38. Qd8+ Kh7 39. Qxh4 Be4 40. Qg5 f4
41. Qxf4 Qxd4 42. Nf7 Bg6 43. Ng5+ Kh6 44. Nf7+ Kh7 45. Ng5+ Kg8 46. Qb8+ Bf8
47. Qxf8+ Kxf8 48. Ne6+ Ke7 49. Nxd4 Kf6 50. Kg3 Bb1 51. a3 Be4 52. Kf2 Bd5 53.
g3 Kg5 54. b4 Kg4 55. Ne2 Kg5 56. Ke3 Kg4 57. Kf2 Bc4 58. Nc3 a5 59. bxa5 bxa5
60. Ne4 Bd3 61. Nc5 Bc4 62. Ne4 Be6 63. Nd2 a4 64. Ne4 Bf7 65. Nc3 Bb3 66. Ne4
Kf5 67. Ke3 Ke5 68. Nc3 Kf5 69. Ne4 Bc2 70. Nc3 Kg4 71. Kf2 Bb3 72. Ne4 Bc2 73.
Ke1 1/2-1/2

[Event "European Blitz 2015"]
[Site "Minsk BLR"]
[Date "2015.12.18"]
[Round "18.45"]
[White "Dolzhykova, Kateryna"]
[Black "Belyakov, Bogdan"]
[Result "1-0"]
[WhiteTitle "WIM"]
[BlackTitle "IM"]
[WhiteElo "2247"]
[BlackElo "2511"]
[WhiteFideId "14113414"]
[BlackFideId "24104795"]
[EventDate "2015.12.18"]
[EventType "swiss (blitz)"]

1. e4 e5 2. Nf3 Nc6 3. Bb5 Nf6 4. d3 Bc5 5. O-O d6 6. c3 O-O 7. Nbd2 a6 8. Ba4
Ba7 9. Bc2 Ne7 10. Nc4 Ng6 11. Ne3 Nf4 12. d4 N6h5 13. dxe5 Re8 14. exd6 cxd6
15. Nd5 Nxd5 16. exd5 Qf6 17. Ng5 Bg4 18. Qd3 g6 19. Ne4 Qe5 20. Kh1 Bf5 21. f3
Nf6 22. Nxf6+ Qxf6 23. Qd1 Bxc2 24. Qxc2 Re5 25. c4 Rae8 26. Bd2 Re2 27. Rae1
Qd4 28. Rd1 h5 29. Qc1 Qg7 30. Bc3 f6 31. Qf4 g5 32. Qxd6 Rf8 33. Rde1 Rxe1 34.
Rxe1 g4 35. Re7 Qg6 36. Qe6+ Kh8 37. Qe4 Qxe4 38. Rxe4 Rc8 39. Bxf6+ Kh7 40. b3
b5 41. Re7+ Kg6 42. Rxa7 Kxf6 43. Rxa6+ Kg5 44. Rc6 Re8 45. Kg1 bxc4 46. bxc4
Re2 47. fxg4 hxg4 48. a4 Kf4 49. Kf1 Ra2 50. d6 Ke3 51. g3 Ra1+ 52. Kg2 Ra2+ 53.
Kf1 Ra1+ 54. Kg2 1-0

[Event "European Blitz 2015"]
[Site "Minsk BLR"]
[Date "2015.12.18"]
[Round "18.47"]
[White "Popov, Mikhail"]
[Black "Lobanov, Sergei"]
[Result "1-0"]
[WhiteTitle "FM"]
[WhiteElo "2280"]
[BlackElo "2457"]
[WhiteFideId "4146182"]
[BlackFideId "24183750"]
[EventDate "2015.12.18"]
[EventType "swiss (blitz)"]

1. c4 c5 2. g3 Nc6 3. Bg2 g6 4. Nc3 Bg7 5. Nf3 e5 6. O-O Nge7 7. d3 O-O 8. a3 d6
9. Rb1 Rb8 10. b4 b6 11. Nd2 Bb7 12. Nd5 Nxd5 13. cxd5 Ne7 14. e4 Qd7 15. Nc4 h6
16. f4 b5 17. Na5 Kh7 18. Be3 exf4 19. gxf4 Bd4 20. Bxd4 cxd4 21. Nb3 Qc7 22.
Qd2 Qc3 23. Rfc1 Qxd2 24. Nxd2 Rfc8 25. Nb3 Rc3 26. Rxc3 dxc3 27. Rc1 Rc8 28.
Rc2 f5 29. Kf2 fxe4 30. dxe4 g5 31. f5 Kg7 32. Ke3 Kf6 33. Na5 Ba6 34. Kd4 Rc7
35. Bf1 h5 36. a4 g4 37. axb5 Bc8 38. Nc6 Nxc6+ 39. dxc6 h4 40. Rxc3 Rg7 41. Kd5
Ke7 42. Ra3 Kf6 43. Kxd6 g3 44. hxg3 hxg3 45. Bg2 1-0

[Event "European Blitz 2015"]
[Site "Minsk BLR"]
[Date "2015.12.18"]
[Round "18.48"]
[White "Sharankov, Grigory"]
[Black "Balashov, Yuri S"]
[Result "1/2-1/2"]
[BlackTitle "GM"]
[WhiteElo "2176"]
[BlackElo "2408"]
[WhiteFideId "4168356"]
[BlackFideId "4100263"]
[EventDate "2015.12.18"]
[EventType "swiss (blitz)"]

1. d4 d6 2. Nc3 g6 3. g3 Bg7 4. Bg2 Nf6 5. e4 O-O 6. Nge2 e5 7. O-O Nc6 8. h3
Re8 9. Be3 exd4 10. Nxd4 Ne5 11. b3 a6 12. Qd2 Rb8 13. f4 Ned7 14. Rad1 Nc5 15.
Nc6 bxc6 16. Bxc5 Nd7 17. Bd4 Bxd4+ 18. Qxd4 c5 19. Qf2 Bb7 20. e5 Bxg2 21. Qxg2
dxe5 22. Ne4 Re6 23. Qd2 exf4 24. Rxf4 Qe8 25. Qxd7 Rxe4 26. Qxe8+ Rbxe8 27.
Rxe4 Rxe4 28. Kf2 c4 29. Rd7 cxb3 30. axb3 c5 31. Rd6 a5 32. Rd5 a4 33. Kf3 Rb4
34. bxa4 Rc4 35. a5 Rxc2 36. h4 c4 37. Rc5 c3 38. a6 Ra2 39. Rxc3 Rxa6 40. Rd3
Kg7 41. g4 Ra4 42. Kg3 h5 43. g5 Rg4+ 44. Kh3 Re4 45. Kg3 f5 46. gxf6+ Kxf6 47.
Ra3 Kf5 48. Ra5+ Re5 49. Ra3 Rd5 50. Rb3 Ke4 51. Rb4+ Rd4 52. Rb6 Rd3+ 53. Kg2
Kf5 54. Ra6 Re3 55. Kh2 Re6 56. Ra4 Re4 57. Ra5+ Kg4 58. Rg5+ Kxh4 1/2-1/2

[Event "European Blitz 2015"]
[Site "Minsk BLR"]
[Date "2015.12.18"]
[Round "18.49"]
[White "Ginzburg, Mikhail"]
[Black "Potapov, Alexey"]
[Result "0-1"]
[WhiteTitle "FM"]
[BlackTitle "IM"]
[WhiteElo "2229"]
[BlackElo "2389"]
[WhiteFideId "13501097"]
[BlackFideId "4182138"]
[EventDate "2015.12.18"]
[EventType "swiss (blitz)"]

1. e4 d6 2. d4 Nf6 3. Nc3 Nbd7 4. f3 e5 5. Nge2 Be7 6. Be3 O-O 7. Qd2 c6 8. g4
b5 9. Ng3 exd4 10. Bxd4 b4 11. Nce2 c5 12. Be3 Ne5 13. Ng1 Be6 14. g5 Ne8 15. h4
d5 16. f4 Ng4 17. f5 Nxe3 18. Qxe3 d4 19. Qd2 Bd6 20. Nh5 Bc8 21. O-O-O Qc7 22.
Kb1 Bb7 23. Bg2 Be5 24. Nf3 g6 25. Nxe5 Qxe5 26. Nf6+ Nxf6 27. gxf6 Kh8 28. h5
g5 29. h6 Rg8 30. Rh5 g4 31. Rdh1 g3 32. b3 a5 33. Rg5 Rxg5 34. Qxg5 Rg8 35. Qd2
Rg4 36. Rh5 Bxe4 37. Rg5 Bxf5 38. Rxg4 Bxg4 39. Kb2 d3+ 40. c3 Be2 41. a4 Qxf6
42. Qe1 Qe5 43. Qd2 f5 44. Bc6 f4 45. Bg2 Qxc3+ 46. Qxc3+ bxc3+ 0-1

[Event "European Blitz 2015"]
[Site "Minsk BLR"]
[Date "2015.12.18"]
[Round "19.2"]
[White "Belous, Vladimir"]
[Black "Zubov, Alexander"]
[Result "1/2-1/2"]
[WhiteTitle "GM"]
[BlackTitle "GM"]
[WhiteElo "2557"]
[BlackElo "2601"]
[WhiteFideId "4174003"]
[BlackFideId "14109409"]
[EventDate "2015.12.18"]
[EventType "swiss (blitz)"]

1. c4 e6 2. Nf3 Nf6 3. g3 d5 4. Bg2 Be7 5. O-O O-O 6. d4 Nbd7 7. Qc2 c6 8. Rd1
b6 9. b3 a5 10. Ne5 Bb7 11. cxd5 cxd5 12. Nc6 Bxc6 13. Qxc6 Rc8 14. Qb5 Ne4 15.
Qd3 f5 16. Bb2 Nb8 17. Nd2 Nc6 18. Rac1 Nb4 19. Qb1 Rxc1 20. Qxc1 Nxa2 21. Qc6
Qd6 22. Qxd6 Bxd6 23. Nxe4 fxe4 24. Ra1 Nb4 25. Rc1 Kf7 26. Ba3 Na2 27. Rc2 Bxa3
28. Rxa2 Bd6 29. f3 exf3 30. Bxf3 Rc8 31. e4 Rc3 32. Rf2 dxe4 33. Bxe4+ Kg8 34.
Rf3 Rc1+ 35. Kg2 Rd1 36. Rd3 Re1 37. Bf3 Kf7 38. Rc3 Rb1 39. Rc6 Bb4 40. d5 Rb2+
41. Kh3 Rxb3 42. dxe6+ Ke7 43. Bg4 Bd6 44. Rc8 a4 45. Rg8 Be5 46. Ra8 Rc3 47.
Rxa4 g6 48. Ra7+ Bc7 49. Ra2 h5 50. Bd1 Kxe6 51. Rc2 Rxc2 52. Bxc2 Kf6 53. Bd3 1/2-1/2

[Event "European Blitz 2015"]
[Site "Minsk BLR"]
[Date "2015.12.18"]
[Round "19.4"]
[White "Ponkratov, Pavel"]
[Black "Bortnyk, Mykola"]
[Result "1/2-1/2"]
[WhiteTitle "GM"]
[BlackTitle "IM"]
[WhiteElo "2604"]
[BlackElo "2416"]
[WhiteFideId "4157800"]
[BlackFideId "14120836"]
[EventDate "2015.12.18"]
[EventType "swiss (blitz)"]

1. e4 Nf6 2. e5 Nd5 3. d4 d6 4. Nf3 dxe5 5. Nxe5 c6 6. Be2 Bf5 7. O-O Nd7 8. Nf3
N7f6 9. a3 e6 10. c4 Nb6 11. Nc3 Be7 12. Bf4 O-O 13. Qb3 a5 14. a4 Ne4 15. Rfd1
Bb4 16. Na2 Be7 17. h3 h6 18. Nc3 Bb4 19. Ne5 Nd7 20. Nd3 Qe7 21. Bf3 Ndf6 22.
c5 Bxc3 23. bxc3 Rfd8 24. Bh2 Nd5 25. Rac1 Ng5 26. Be2 Be4 27. Ne5 Qf6 28. Bf1
Nf4 29. c4 Qf5 30. f3 Nfxh3+ 31. gxh3 Bxf3 32. h4 Bxd1 33. Rxd1 Ne4 34. Qf3 Qxf3
35. Nxf3 Nf6 36. Rb1 Ra7 37. Bd6 Ne4 38. Bc7 Rd7 39. Bf4 f6 40. Bh3 Kf7 41. h5
Ra8 42. Rb3 Re7 43. Kg2 Rd8 44. Re3 f5 45. Rb3 Kg8 46. Kf1 Kh7 47. Ke2 g5 48.
hxg6+ Kxg6 49. Ke3 Kh7 50. Rb2 Rg8 51. Rg2 Rxg2 52. Bxg2 Rg7 53. Bf1 h5 54. Be5
Rg4 55. Bc7 Ng5 56. Nxg5+ Rxg5 57. Bxa5 h4 58. Bd8 Rg3+ 59. Kf2 Rg4 60. Bf6 Kg6
61. Be5 Kf7 62. a5 Rg8 63. a6 bxa6 64. Bg2 Rc8 65. Bd6 a5 66. d5 a4 67. dxc6 Kf6
68. Bf4 a3 69. Bc1 a2 70. Bb2+ e5 71. Bd5 f4 72. Kf3 Kf5 73. Be4+ Kf6 74. Kg4
Rh8 75. Kh3 Ke6 76. c7 Rc8 77. Kxh4 Rxc7 78. c6 Kd6 79. Kg4 Ra7 80. Ba1 Rg7+ 81.
Kf5 Re7 82. Kf6 Re6+ 83. Kf5 Re8 84. Bf3 e4 85. Bxe4 f3 86. Bxf3 Re1 87. Bf6 Rf1
88. Kg4 Rg1+ 89. Kf4 a1=Q 1/2-1/2

[Event "European Blitz 2015"]
[Site "Minsk BLR"]
[Date "2015.12.18"]
[Round "19.6"]
[White "Grachev, Boris"]
[Black "Roiz, Michael"]
[Result "1-0"]
[WhiteTitle "GM"]
[BlackTitle "GM"]
[WhiteElo "2652"]
[BlackElo "2594"]
[WhiteFideId "4129199"]
[BlackFideId "2804158"]
[EventDate "2015.12.18"]
[EventType "swiss (blitz)"]

1. d4 Nf6 2. Bf4 c5 3. e3 Qb6 4. Na3 cxd4 5. exd4 d6 6. Nc4 Qd8 7. c3 g6 8. Qe2
Be6 9. Nf3 Bg7 10. Ng5 Bxc4 11. Qxc4 O-O 12. Be2 Nc6 13. O-O Rc8 14. Qb3 Na5 15.
Qd1 a6 16. Re1 e6 17. Bd3 Nd5 18. Bc1 Nc6 19. Qg4 Nf6 20. Qh3 e5 21. dxe5 dxe5
22. Bc2 h6 23. Ne4 Nxe4 24. Bxe4 Kh7 25. Be3 f5 26. Rad1 Qe7 27. Bxc6 Rxc6 28.
Qf3 e4 29. Qe2 Rd8 30. g3 Rcc8 31. Rxd8 Rxd8 32. Rd1 Rd7 33. h4 Qd8 34. Rxd7
Qxd7 35. Qc4 b5 36. Qc5 Qe6 37. b3 Qd7 38. Kg2 Qe6 39. c4 bxc4 40. bxc4 Qd7 41.
Qa5 Qc6 42. Qb4 Qd7 43. Qc5 Qf7 44. a4 Bf6 45. h5 Bg7 46. hxg6+ Kxg6 47. Qb6+
Qf6 48. a5 Kf7 49. Qb7+ Kg6 50. Qb6 Kf7 51. c5 Qxb6 52. axb6 Ke6 53. b7 1-0

[Event "European Blitz 2015"]
[Site "Minsk BLR"]
[Date "2015.12.18"]
[Round "19.7"]
[White "Kovalenko, Igor"]
[Black "Popov, Ivan RUS"]
[Result "1-0"]
[WhiteTitle "GM"]
[BlackTitle "GM"]
[WhiteElo "2680"]
[BlackElo "2650"]
[WhiteFideId "14117908"]
[BlackFideId "4170350"]
[EventDate "2015.12.18"]
[EventType "swiss (blitz)"]

1. d4 Nf6 2. c4 b6 3. Nf3 Bb7 4. Nc3 g6 5. g3 Bg7 6. Bg2 Ne4 7. Nxe4 Bxe4 8. O-O
O-O 9. Be3 d6 10. Qd2 c5 11. Rfd1 Nc6 12. d5 Bxf3 13. Bxf3 Ne5 14. Rac1 Nxf3+
15. exf3 Qd7 16. b3 b5 17. cxb5 Qxb5 18. Rc4 Rfe8 19. h4 a5 20. Ra4 Reb8 21. Qc2
Qd7 22. Bd2 Rb5 23. Kg2 h5 24. Re1 Bd4 25. Qe4 Ra7 26. g4 hxg4 27. fxg4 Bf6 28.
Rh1 e6 29. Qf3 Bg7 30. h5 exd5 31. hxg6 Qe6 32. Re1 Be5 33. Qd3 Rbb7 34. Qh3
Qxg6 35. f4 Qc2 36. Re2 Re7 37. fxe5 Rxe5 38. Rf2 Rae7 39. Bg5 Re2 40. Rf4 Rxf2+
41. Rxf2 Qe4+ 42. Qf3 Re6 43. Kg3 1-0